Prevention of homelessness guidance (Record no. 109724)
[ view plain ]
| 000 -LEADER | |
|---|---|
| fixed length control field | 02016cad a22002655a 4500 |
| 001 - CONTROL NUMBER | |
| control field | E147799 |
| 008 - FIXED-LENGTH DATA ELEMENTS--GENERAL INFORMATION | |
| fixed length control field | 090619s2009 xxk f s000 0 eng d |
| 020 ## - INTERNATIONAL STANDARD BOOK NUMBER | |
| International Standard Book Number | 9780755990283 |
| 035 ## - SYSTEM CONTROL NUMBER | |
| System control number | (Sirsi) u147799 |
| 041 0# - LANGUAGE CODE | |
| Language code of text/sound track or separate title | eng |
| 050 04 - LIBRARY OF CONGRESS CALL NUMBER | |
| Classification number | 306.1 $2 18 |
| 110 2# - MAIN ENTRY--CORPORATE NAME | |
| Corporate name or jurisdiction name as entry element | Scotland |
| Subordinate unit | Scottish Government |
| 9 (RLIN) | 5344 |
| 245 00 - TITLE STATEMENT | |
| Title | Prevention of homelessness guidance |
| Medium | [electronic resource] |
| 260 ## - PUBLICATION, DISTRIBUTION, ETC. | |
| Place of publication, distribution, etc. | Edinburgh |
| Name of publisher, distributor, etc. | Scottish Government |
| Date of publication, distribution, etc. | 2009 |
| 505 2# - FORMATTED CONTENTS NOTE | |
| Formatted contents note | Scope and purpose of guidance -- Paragraph -- Summary and key messages -- Introduction -- Background and context -- Target audience and who can help? -- Philosophy and principles of homelessness prevention -- Identifying homelessness risk factors -- Structures, skills and working practices -- Housing options work -- Housing advice and information services -- Tenancy sustainment -- Financial inclusion -- Typology of homelessness prevention -- Particular groups: children and young people; looked after children and young people; armed forces; hospital discharge; leaving prison; multiple and complex needs; domestic abuse; addictions; mental health; family break-ups; refugees -- Measuring impact |
| 520 ## - SUMMARY, ETC. | |
| Summary, etc. | An addition to the Code of Guidance on the Housing (Scotland) Act 1987 Part II, which outlines legislative duties for local authorities when dealing with homelesness. Focuses on prevention of homelessness, and is aimed at local authorities as well as Community Planning Partners, landlords including Registered Social Landlords, elected council members and others involved in dealing with homelessness in the statutory and voluntary sectors. |
| 521 ## - TARGET AUDIENCE NOTE | |
| Target audience note | Advanced |
| 590 ## - LOCAL NOTE (RLIN) | |
| Local note | KA |
| 650 24 - SUBJECT ADDED ENTRY--TOPICAL TERM | |
| Topical term or geographic name entry element | HOUSING (SCOTLAND) ACT 1987 |
| 651 #4 - SUBJECT ADDED ENTRY--GEOGRAPHIC NAME | |
| Geographic name | Scotland |
| Chronological subdivision | 1999- |
| 690 ## - LOCAL SUBJECT ADDED ENTRY--TOPICAL TERM (OCLC, RLIN) | |
| Topical term or geographic name as entry element | PROPERTY-RESIDENTIAL PROPERTY-DOMESTIC RESIDENTIAL PROPERTY-HOUSING |
| 710 1# - ADDED ENTRY--CORPORATE NAME | |
| Corporate name or jurisdiction name as entry element | Convention of Scottish Local Authorities |
| 9 (RLIN) | 2093 |
| 856 40 - ELECTRONIC LOCATION AND ACCESS | |
| Uniform Resource Identifier | <a href="https://www.scotland.gov.uk/Publications/2009/06/08140713/0">https://www.scotland.gov.uk/Publications/2009/06/08140713/0</a> |
| Public note | View the guidance free of charge at www.scotland.gov.uk... |
| 942 ## - ADDED ENTRY ELEMENTS (KOHA) | |
| Suppress in OPAC | 0 |
| Withdrawn status | Lost status | Source of classification or shelving scheme | Damaged status | Not for loan | Home library | Current library | Shelving location | Date acquired | Total Checkouts | Full call number | Barcode | Date last seen | Copy number | Price effective from | Koha item type |
|---|---|---|---|---|---|---|---|---|---|---|---|---|---|---|---|
| Dewey Decimal Classification | Virtual | Virtual | Online | 19/06/2009 | ONLINE PUBLICATION | 147799-2001 | 06/08/2019 | 1 | 06/08/2019 | Book |